| 000 | 00463nam a22001457a 4500 | ||
|---|---|---|---|
| 008 | 230406b |||||||| |||| 00| 0 eng d | ||
| 040 |
_aNational Science Library _cNational Science Library |
||
| 080 |
_aR 31:330.34(540)(035) _bP5 |
||
| 245 |
_aHandbook of statistics on Indian economy 2004 - 05 _c/ Reserve Bank of India |
||
| 260 |
_aMumbai: _bReserve Bank of India, _c2005 |
||
| 300 | _a550p. | ||
| 650 | _aManagement | ||
| 653 | _aEconomy | ||
| 942 |
_2udc _cREF |
||
| 999 |
_c19112 _d19112 |
||